Mimosoideae (Leguminosae) nos campos rupestres do Parque Estadual do Itacolomi, Minas Gerais, Brasil (Registro n. 328408)
[ somente texto ]
| 000 -LÍDER | |
|---|---|
| fixed length control field | 02621nab a2200265 i 4500 |
| 003 - CÓDIGO MARC DA AGÊNCIA CATALOGADORA | |
| Campo de controle | BR-BrBNA |
| 005 - DATA E HORA DA ÚLTIMA ATUALIZAÇÃO | |
| Campo de controle | 20241104141406.0 |
| 008 - CAMPO DE TAMANHO FIXO | |
| fixed length control field | 241104b2008 bl.qr|pooa||| 00| 0 por | |
| 040 ## - FONTE DA CATALOGAÇÃO | |
| Agência catalogadora | BR-BrBNA |
| Idioma da catalogação | por |
| 072 ## - CATEGORIA AGRIS | |
| Código AGRIS | F70 |
| 100 ## - ENTRADA PRINCIPAL - NOME PESSOAL | |
| Nome pessoal | Dutra, Valquíria Ferreira |
| 100 ## - ENTRADA PRINCIPAL - NOME PESSOAL | |
| Nome pessoal | Garcia, Flávia Cristina Pinto |
| 100 ## - ENTRADA PRINCIPAL - NOME PESSOAL | |
| Nome pessoal | Lima, Haroldo Cavalcante de |
| 245 ## - TÍTULO PRINCIPAL | |
| Título principal | Mimosoideae (Leguminosae) nos campos rupestres do Parque Estadual do Itacolomi, Minas Gerais, Brasil |
| 500 ## - NOTA GERAL | |
| Nota geral | Publicação on-line; 30 ref.; 3 illus.; Summaries (En, Pt) |
| 942 ## - ADDED ENTRY ELEMENTS (KOHA) | |
| Koha item type | Analítica |
| 520 ## - NOTA DE RESUMO | |
| Nota de conteúdo | <br/><br/>RESUMO<br/><br/>(Mimosoideae (Leguminosae) nos campos rupestres do Parque Estadual do Itacolomi, Minas Gerais, Brasil)<br/>Este trabalho trata do estudo taxonômico das espécies de Mimosoideae encontradas nos campos rupestres<br/>do Parque Estadual do Itacolomi (PEI), situado no sul da Cadeia do Espinhaço. As coletas foram mensais, no<br/>período compreendido entre setembro de 2003 e outubro de 2004, em oito trilhas preestabelecidas. Foram<br/>encontradas 11 espécies de Mimosoideae, reunidas em três gêneros: Abarema (1 sp.), Inga (2 spp.) e Mimosa<br/>(8 spp.). São apresentadas chaves, descrições e ilustrações para as espécies. Além disso, são fornecidos<br/>dados sobre a distribuição geográfica, fenologia, taxonomia e hábitat das espécies estudadas.<br/><br/>Palavras-chave: Cadeia do Espinhaço, flora, Abarema, Mimosa, Inga. Mimosaceae, Fabaceae.<br/> |
| 520 ## - NOTA DE RESUMO | |
| Nota de conteúdo | <br/><br/>ABSTRACT<br/><br/>(Mimosoideae (Leguminosae) in the “campos rupestres” of the Itacolomi State Park, Minas Gerais, Brasil) A<br/>taxonomic treatment of the species of Mimosoideae from “campos rupestres” of the Itacolomi State Park<br/>(PEI), south portion of Espinhaço Range, is presented. Field trips were performed monthly, from September/<br/>2003 to October/2004, in eight pre-established trails. Eleven species of Mimosoideae were found, belonging<br/>to three genera: Abarema (1 sp.), Inga (2 spp.) and Mimosa (8 spp.). An analytic key, species diagnoses and<br/>illustrations are presented. Additional informations are providing concerning geographic distribution,<br/>phenology, taxonomy and habitats.<br/><br/>Key words: Espinhaço Range, flora, Abarema, Mimosa, Inga. Mimosaceae, Fabaceae. |
| 650 ## - ASSUNTO - THESAGRO | |
| Cabeçalho tópico ou nome geográfico | FLORA |
| 650 ## - ASSUNTO - THESAGRO | |
| Cabeçalho tópico ou nome geográfico | MIMOSA |
| 650 ## - ASSUNTO - THESAGRO | |
| Cabeçalho tópico ou nome geográfico | MIMOSOIDEAE |
| 773 0# - ENTRADA ANALÍTICA | |
| Host Biblionumber | 709 |
| Registro do item | 345890 |
| Imprenta | Rio de Janeiro-RJ Jardim Botanico do Rio de Janeiro 1935 |
| Outro identificador | 2024-6540 |
| Título | Rodriguésia (Brazil) |
| ISSN | 0370-6583; 2175-7860 on-line |
| Colação | v. 59(3) p. 573-585; (2008) |
| Número de controle de registro | BR2024003278 |
| 856 ## - ACESSO E ENDEREÇO ELETRÔNICO | |
| Identificador uniforme de recurso - URI | https://www.scielo.br/j/rod/a/MX8C7cpRZkv5RLvQgMybBpm/?format=pdf&lang=pt |
Nenhum exemplar disponível.

BINAGRI